000 01982nam a2200217Ii 4500
008 221202s xx 000 0 und d
100 1 _aClemens, Justin,
_eauthor
245 0 _aAvoiding the Subject
246 _aMedia, Culture and the Object
264 _bAmsterdam University Press
_c2004
300 _a1 online resource (216 pages)
336 _atext
_btxt
_2rdacontent
337 _acomputer
_bc
_2rdamedia
338 _aonline resource
_bcr
_2rdacarrier
520 _aWhat can Roger Rabbit tell us about the Second Gulf War? What can a woman married to the Berlin Wall tell us about posthumanism and inter-subjectivity? What can DJ Shadow tell us about the end of history? What can our local bus route tell us about the fortification of the West? What can Reality TV tell us about the crisis of contemporary community? And what can unauthorized pictures of Osama Bin Laden tell us about new methods of popular propaganda? These are only some of the thought-provoking questions raised in this lively and erudite collection of inter-related essays on the postmillennial mediascape. Students and teachers of visual culture, critical theory, cultural studies, film theory, and new media, will find a wealth of ideas and insights in this fresh approach to the electronic environment. Avoiding the Subject argues for a new sensitivity and empathy towards objects (including, and especially, human objects - such as refugees, enemy combatants, collateral damage, etc.). Whether the focus be on the specifically postcolonial trauma of Australian detention centers, or the viral mutations of propaganda in the age of the internet, each chapter attempts to avoid the subject in order to escape the egocentric confines of our own subjective perspectives.
653 _aFilm
653 _aMotion Pictures
700 1 _aPettman, Dominic
856 _uhttps://library.oapen.org/bitstream/20.500.12657/35132/1/340214.pdfhttp://library.oapen.org/handle/20.500.12657/35132
942 _cE-BOOK
999 _c60877
_d60877